000 00712nam a22002177a 4500
003 UA-OsUOA
001 116772
007 ta
008 20160404b un ||||| |||| 00| 0 ukr d
100 _aКіндзерський Ю.В.
090 _a330(477)
_bК46
942 _cSA
040 _aUA-OsUOA
_bukr
_cUA-OsUOA
_dUA-OsUOA
245 _aМожливості спеціальних еономічних зон у контексті міжрегіонального вирівнювання та розвитку депресивних територій
300 _aС.52-72
955 _a0
041 _aukr
080 _a330(477)
773 0 _w116770
650 7 _a330 Економіка взагалі
_2UDC
999 _c402684
_d402684